000 01415naa a22003257a 4500
001 BR8103342
003 BR-BrBNA
005 20240918174745.0
007 ta
008 230509b bl.||||| |||| 00| 0 por d
040 _aBR-BrBNA
_bpor
_cBiblioteca Nacional de Agricultura
041 _a(Pt)
072 _aK10
_b3140
_bG514
_bGZ74
090 _aK10 BR8103342
100 1 _aPacheco, A.C.
111 1 _a1. Congresso Brasileiro de Florestas Tropicais
_cVicosa, MG (Brazil)
_d21 Oct 1974
245 1 _aPlantio de Pinus caribaea var. hondurensis sob diferentes tratamentos de mobilizacao do solo em campos de cerrado do territorio federal do Amapa [Pinheiro; Brasil]
246 1 _a[Plantation of Pinus caribaea var. hondurensis under different soil mobilization treatments in "Cerrado" fields of the federal territory of Amapa [Pine; Brazil]]
246 1 _a[Annals of the 1. Brazilian Congress of Tropical Forests]
260 3 _aVicosa, MG (Brasil):
_c1981.
500 _aAnais do 1. Congresso Brasileiro de Florestas Tropicais Vicosa, MG (Brasil): 1981. v. 1 p. 54-63 (BR8103342-AM)K10
650 _aProducao florestal
650 _aPinheiro
650 _aPlantio
650 _aCerrado
650 _aAmapa
773 0 _tAnais do 1. Congresso Brasileiro de Florestas Tropicais
_wK10 BR8103342
_gVicosa, MG (Brasil), 1981. v. 1 p. 54-63
909 _a202404
_bLucia
_c55
_dLucia Elande
942 _cAM
_2AGRIS
999 _c313365
_d313365